000 09589cam a22022694i 4500
003 PE-LiUPU
005 20250813165257.0
008 150512s2014 pe a rb 001 0 spa d
020 _a9789972465352
035 _a(Sirsi) i9789972465352
040 _aPE-LiUPU
_bspa
_cPE-LiUPU
_erda
049 _aPRUA
082 0 4 _a628.35
_bL27
_221
100 1 _aLazcano Carreño, Cesar Augusto,
_eautor.
245 1 0 _aBiotecnología ambiental de aguas y aguas residuales /
_cCesar Augusto Lazcano Carreño.
250 _aPrimera Edición.
264 1 _aLima :
_bUnivesidad Nacional Mayor de San Marcos,
_c2014.
300 _a791 páginas :
_bilustraciones ;
_c23 centímetros
336 _atext
_2rdacontent
337 _aunmediated
_2rdamedia
338 _avolume
_2rdacarrier
500 _aGlosario : páginas 628-718.
504 _aBibliografía : páginas 741-791.
504 _aIndice de figuras : páginas 721-735.
504 _aIndice de tablas : páginas 739-740.
505 0 _aPrologo -- Presentación -- Introducción -- Los seres vivos en los ambientes acuáticos -- Ecología de los ambientes acuáticos -- Evaluación de la calidad biológica de las aguas -- Características de las aguas residuales -- Introducción al tratamiento de aguas residuales -- Laguas de estabilización -- Lodos activos -- Reactores de película biológica y física -- Tratamientos anaeróbicos -- Reúso de aguas residuales -- Glosario de términos -- Índice de figuras -- Índice de tablas -- Bibliografía.
526 _aP203
526 _aP200
526 _aSEG65
526 _aSEG64
526 _aSEG63
526 _aSEG62
526 _aSEG61
526 _aSEG60
526 _aSEG59
526 _aSEG58
526 _aSEG57
526 _aSEG56
526 _aSEG55
526 _aSEG54
526 _aSEG53
526 _aSEG52
526 _aSEG51
526 _aSEG50
526 _aSEG49
526 _aSEG48
526 _aSEG47
526 _aSEG46
526 _aSEG24
526 _aSEG23
526 _aSEG22
526 _aSEG21
526 _aSEG20
526 _aSEG19
526 _aSEG18
526 _aSEG17
526 _aSEG16
526 _aSEG14
526 _aSEG13
526 _aSEG12
526 _aSEG11
526 _aSEG10
526 _aSEG09
526 _aSEG06
526 _aSEG05
526 _aSEG04
526 _aSEG03
526 _aSEG02
526 _aSEG68
526 _aSEG66
526 _aSEG45
526 _aSEG25
526 _aSEG01
526 _aP163
526 _aP162
526 _aP161
526 _aP160
526 _aP159
526 _aP158
526 _aP157
526 _aP156
526 _aP155
526 _aP154
526 _aP153
526 _aP152
526 _aP151
526 _aP150
526 _aP149
526 _aP142
526 _aP141
526 _aP140
526 _aP139
526 _aP138
526 _aP137
526 _aP132
526 _aP131
526 _aP130
526 _aP126
526 _aP125
526 _aP124
526 _aP123
526 _aP115
526 _aP122
526 _aP121
526 _aP116
526 _a P114
526 _aP112
526 _aP111
526 _aP104
526 _aP103
526 _aP102
526 _aP101
526 _aP100
526 _aP96
526 _aP95
526 _aP93
526 _aP92
526 _aP91
526 _aP88
526 _aP83
526 _aP82
526 _aP79
526 _aP78
526 _aP75
526 _aP74
526 _aP71
526 _aP69
526 _a P51
526 _aP49
526 _aP48
526 _aP47
526 _aP33
526 _aP31
526 _a P30
526 _aP29
526 _aP27
526 _aP26
526 _aP25
526 _aP24
526 _a P22
526 _aP10
526 _aP09
526 _a P08
526 _aP06
526 _aP05
526 _aP04
526 _aP01
541 _g003-001469;
541 _ g043-0021433;
541 _g0020-0000647;
541 _g001-0042329;
541 _g002-00000049;
650 4 _aAguas residuales
_xPurificación
_xTratamiento biológico.
650 4 _aAguas residuales.
650 4 _aBiorremediación.
_93041
650 4 _aProtección del medio ambiente
_xEstudio y enseñanza.
650 0 4 _aWaste water
_xPurification
_x Biologica treatment.
650 0 4 _asewage water.
650 0 4 _aBioremediation.
650 0 4 _aEnvironmental protection
_xStudy and teaching.
710 2 _aUniversidad Nacional Mayor de San Marcos (Lima).
_bFondo Editorial.
910 _ajche
_bjkc
_cjche
_d20150512
910 _ajck
_bncf
_cncf
_d20170801
910 _admb
_bksl
_cksl
_d20180522
942 _2ddc
_cBOOK
949 _a628.35 L27
_wDEWEY
_c1
_i71017
_d2016-6-9
_e2016-6-6
_lCCODEBUL1
_mBUL
_n4
_p35.51
_r0
_sY
_tBOOK
_u2015-5-12
_xINGENIERIA
_PP24
_0COMPRA
_o.STAFF. Colección Ingeniería y Arquitectura
949 _a628.35 L27 2014
_wDEWEY
_c1
_iFJ01269
_lCCODEBUJ1
_mBUJ
_p34.00
_r0
_sY
_tBOOK
_u2016-7-25
_xINGENIERIA
_PP24
_0COMPRA
_o.STAFF. Colección General Juliaca
949 _a628.35 L27
_wDEWEY
_c2
_i71018
_d2016-6-14
_e2016-6-13
_lCCODEBUL1
_mBUL
_n2
_p35.51
_r0
_sY
_tBOOK
_u2015-5-12
_xINGENIERIA
_PP24
_0COMPRA
_o.STAFF. Colección Ingeniería y Arquitectura
949 _a628.35 L27 2014
_wDEWEY
_c2
_iFJ01856
_lCCODEBUJ1
_mBUJ
_p34.00
_r0
_sY
_tBOOK
_u2016-9-6
_xINGENIERIA
_PP24
_0COMPRA
_o.STAFF. Colección General Juliaca
949 _a628.35 L27
_wDEWEY
_c3
_i71019
_d2016-6-10
_e2016-6-9
_lCCODEBUL1
_mBUL
_n1
_p35.51
_r0
_sY
_tBOOK
_u2015-5-12
_xINGENIERIA
_PP24
_0COMPRA
_o.STAFF. Colección Ingeniería y Arquitectura
949 _a628.35 L27
_wDEWEY
_c4
_i71020
_d2016-6-13
_e2016-6-8
_lCCODEBUL1
_mBUL
_n2
_p35.51
_r0
_sY
_tBOOK
_u2015-5-12
_xINGENIERIA
_PP24
_0COMPRA
_o.STAFF. Colección Ingeniería y Arquitectura
949 _a628.35 L27
_wDEWEY
_c5
_i71021
_d2016-6-2
_e2016-5-30
_lCCODEBUL1
_mBUL
_n2
_p35.51
_r0
_sY
_tBOOK
_u2015-5-12
_xINGENIERIA
_PP24
_0COMPRA
_o.STAFF. Colección Ingeniería y Arquitectura
949 _a628.35 L27
_wDEWEY
_c6
_i74000
_d2016-10-3
_e2016-10-3
_lCCODEBUL1
_mBUL
_n1
_p36.44
_r0
_sY
_tBOOK
_u2016-7-7
_xINGENIERIA
_PP24
_0COMPRA
_o.STAFF. Colección Ingeniería y Arquitectura
994 _aC0
_bPEPRU
596 _a1 3
999 _a628.35 L27
_wDEWEY
_c3208
_i71017
_d3208
_e2016-6-6
_f2021-11-9
_g7
_lCCODEBUL1
_mBUL
_n4
_p35.51
_q1
_r0
_sY
_tBOOK
_u2015-5-12
_xINGENIERIA
_PP24
_0COMPRA
_o.STAFF. Colección Ingeniería y Arquitectura
999 _a628.35 L27
_wDEWEY
_c2
_i71018
_d2016-6-14
_e2016-6-13
_f2021-11-9
_g7
_lCCODEBUL1
_mBUL
_n2
_p35.51
_r0
_sY
_tBOOK
_u2015-5-12
_xINGENIERIA
_PP24
_0COMPRA
_o.STAFF. Colección Ingeniería y Arquitectura
999 _a628.35 L27
_wDEWEY
_c3
_i71019
_d2016-6-10
_e2016-6-9
_f2021-11-9
_g7
_lCCODEBUL1
_mBUL
_n1
_p35.51
_r0
_sY
_tBOOK
_u2015-5-12
_xINGENIERIA
_PP24
_0COMPRA
_o.STAFF. Colección General
999 _a628.35 L27
_wDEWEY
_c4
_i71020
_d2016-6-13
_e2016-6-8
_f2021-11-9
_g7
_lCCODEBUL1
_mBUL
_n2
_p35.51
_r0
_sY
_tBOOK
_u2015-5-12
_xINGENIERIA
_PP24
_0COMPRA
_o.STAFF. Colección General
999 _a628.35 L27
_wDEWEY
_c5
_i71021
_d2016-6-2
_e2016-5-30
_f2021-11-9
_g7
_lCCODEBUL1
_mBUL
_n2
_p35.51
_r0
_sY
_tBOOK
_u2015-5-12
_xINGENIERIA
_PP24
_0COMPRA
_o.STAFF. Colección General
999 _a628.35 L27
_wDEWEY
_c6
_i74000
_d2017-7-2
_e2017-6-25
_f2021-11-9
_g7
_lCCODEBUL1
_mBUL
_n2
_p36.44
_r0
_sY
_tBOOK
_u2016-7-7
_xINGENIERIA
_PP24
_0COMPRA
_o.STAFF. Colección General
999 _a628.35 L27
_wDEWEY
_c7
_i76657
_d2018-2-26
_e2017-9-10
_f2021-11-9
_g4
_lCCODEBUL1
_mBUL
_n1
_p37.06
_q1
_r0
_sY
_tBOOK
_u2017-8-1
_xINGENIERIA
_PP24
_0COMPRA
_o.STAFF. Colección Ingeniería y Arquitectura
999 _a628.35 L27
_wDEWEY
_c8
_i76658
_d2017-10-27
_e2017-10-24
_f2021-11-9
_g4
_lCCODEBUL1
_mBUL
_n4
_p37.06
_q1
_r0
_sY
_tBOOK
_u2017-8-1
_xINGENIERIA
_PP24
_0COMPRA
_o.STAFF. Colección Ingeniería y Arquitectura
999 _a628.35 L27
_wDEWEY
_c9
_i78017
_d2018-7-20
_f2021-11-9
_g4
_lCCODEBUL1
_mBUL
_p37.37
_q1
_r0
_sY
_tBOOK
_u2018-1-16
_xINGENIERIA
_PP24
_0COMPRA
_o.STAFF. Colección Ingeniería y Arquitectura
999 _a628.35 L27
_wDEWEY
_c10
_i78018
_d2018-4-24
_f2021-11-9
_g4
_lCCODEBUL1
_mBUL
_p37.37
_q3
_r0
_sY
_tBOOK
_u2018-1-16
_xINGENIERIA
_PP24
_0COMPRA
_o.STAFF. Colección Ingeniería y Arquitectura
999 _a628.35 L27
_wDEWEY
_c11
_i78483
_f2021-11-9
_g4
_lCCODEBUL1
_mBUL
_p36.56
_r0
_sY
_tBOOK
_u2018-5-22
_xINGENIERIA
_PP24
_0COMPRA
_1FCOMPRA
_o.STAFF. Colección Ingeniería y Arquitectura
999 _a628.35 L27
_wDEWEY
_c12
_i78484
_d2019-9-30
_e2019-9-25
_f2021-11-9
_g4
_lCCODEBUL1
_mBUL
_n2
_p36.56
_q4
_r0
_sY
_tBOOK
_u2018-5-22
_xINGENIERIA
_PP24
_0COMPRA
_1FCOMPRA
_o.STAFF. Colección Ingeniería y Arquitectura
999 _a628.35 L27
_wDEWEY
_c1
_iFJ01269
_d2019-9-24
_e2019-4-24
_f2022-1-26
_g4
_lCCODEBUJ1
_mBUJ
_n3
_p34.00
_q7
_r0
_sY
_tBOOK
_u2016-7-25
_xINGENIERIA
_PP24
_0COMPRA
_o.STAFF. Colección General Juliaca
999 _a628.35 L27
_wDEWEY
_c2
_iFJ01856
_d2019-4-26
_e2019-4-24
_f2022-1-26
_g4
_lCCODEBUJ1
_mBUJ
_n12
_p34.00
_q17
_r0
_sY
_tBOOK
_u2016-9-6
_xINGENIERIA
_PP27
_0COMPRA
_o.STAFF. Colección General Juliaca
980 _81
_gALBERTO SANCHEZ Responsable de Automatización